Combien de ville de Provences Alpes Cote d'Azur connais-tu ? - Statistiques

Statistiques générales
  • Ce quiz a été pris 26 fois
  • Le résultat moyen est 85 sur 962
Statistiques - réponses
Population Département Ville % Correct
73159 6 Cannes
100%
876602 13 Marseille
100%
59474 13 Marseille 10e Arrondissement
100%
57979 13 Marseille 11e Arrondissement
100%
62461 13 Marseille 12e Arrondissement
100%
92664 13 Marseille 13e Arrondissement
100%
61222 13 Marseille 14e Arrondissement
100%
79363 13 Marseille 15e Arrondissement
100%
16115 13 Marseille 16e Arrondissement
100%
39447 13 Marseille 1er Arrondissement
100%
23967 13 Marseille 2e Arrondissement
100%
52436 13 Marseille 3e Arrondissement
100%
49961 13 Marseille 4e Arrondissement
100%
45374 13 Marseille 5e Arrondissement
100%
41120 13 Marseille 6e Arrondissement
100%
34899 13 Marseille 7e Arrondissement
100%
83423 13 Marseille 8e Arrondissement
100%
76697 13 Marseille 9e Arrondissement
100%
346376 6 Nice
100%
92277 84 Avignon
94%
31163 6 Menton
94%
181506 83 Toulon
94%
56598 83 Fréjus
89%
150358 13 Aix-en-Provence
83%
75779 6 Antibes
83%
41528 5 Gap
83%
36460 83 Saint-Raphaël
83%
55528 83 Hyères
78%
47640 13 Aubagne
72%
17804 4 Digne-les-Bains
72%
49607 6 Grasse
72%
3669 83 Saint-Tropez
72%
42524 6 Le Cannet
67%
29103 84 Orange
67%
52575 6 Cagnes-sur-Mer
61%
30564 84 Carpentras
61%
2259 6 Èze
61%
32735 13 Marignane
61%
49037 13 Martigues
61%
30333 6 Saint-Laurent-du-Var
61%
17964 83 Brignoles
56%
36812 13 La Ciotat
56%
4380 83 Le Val
56%
45595 13 Salon-de-Provence
56%
4439 4 Villeneuve
56%
51691 13 Arles
50%
40362 83 Draguignan
50%
45119 13 Istres
50%
22067 6 Mandelieu-la-Napoule
50%
23689 4 Manosque
50%
13162 6 Roquebrune-Cap-Martin
50%
34814 13 Vitrolles
50%
218 5 Vitrolles
50%
11095 5 Briançon
44%
6889 13 Cassis
44%
62999 83 La Seyne-sur-Mer
44%
2760 4 Barcelonnette
39%
3788 6 Beaulieu-sur-Mer
39%
26206 84 Cavaillon
39%
14954 83 Sainte-Maxime
39%
5037 6 Villefranche-sur-Mer
39%
667 6 Isola
33%
553 6 La Tour
33%
26807 13 Miramas
33%
7910 4 Sisteron
33%
1377 6 Théoule-sur-Mer
33%
19585 6 Vence
33%
13280 6 Beausoleil
28%
9926 6 Biot
28%
4585 6 Cap-d'Ail
28%
13010 6 Carros
28%
1502 4 Castellane
28%
12007 83 Cogolin
28%
15685 13 Fos-sur-Mer
28%
8047 6 Pégomas
28%
1566 6 Saint-Étienne-de-Tinée
28%
1489 6 Saint-Jean-Cap-Ferrat
28%
3247 6 Saint-Paul-de-Vence
28%
35890 83 Six-Fours-les-Plages
28%
2193 6 Tende
28%
28168 6 Vallauris
28%
845 4 Allos
22%
11116 84 Apt
22%
8483 83 Bandol
22%
2173 6 Breil-sur-Roya
22%
6781 5 Embrun
22%
25876 83 La Garde
22%
125 4 La Garde
22%
3052 6 La Turbie
22%
10397 6 Mouans-Sartoux
22%
20626 6 Mougins
22%
874 84 Puget
22%
1906 6 Puget-Théniers
22%
1443 6 Saint-Martin-Vésubie
22%
11434 13 Septèmes-les-Vallons
22%
13665 6 Valbonne
22%
21769 13 Allauch
17%
2304 6 Aspremont
17%
375 5 Aspremont
17%
8277 83 Bormes-les-Mimosas
17%
16454 13 Châteaurenard
17%
5195 6 Drap
17%
5210 4 Forcalquier
17%
21850 13 Gardanne
17%
6827 13 Gémenos
17%
4671 83 Grimaud
17%
227 6 La Penne
17%
6048 83 Le Lavandou
17%
9717 83 Le Muy
17%
17146 84 Le Pontet
17%
22174 13 Les Pennes-Mirabeau
17%
9063 84 Le Thor
17%
5011 6 Levens
17%
13206 84 Monteux
17%
5002 83 Nans-les-Pins
17%
2452 6 Opio
17%
20767 84 Pertuis
17%
8447 13 Port-Saint-Louis-du-Rhône
17%
2071 83 Ramatuelle
17%
14522 83 Roquebrune-sur-Argens
17%
5117 13 Rousset
17%
182 5 Rousset
17%
5722 6 Saint-André-de-la-Roche
17%
99 4 Saint-Pierre
17%
17440 83 Sanary-sur-Mer
17%
19176 84 Sorgues
17%
4921 6 Tourrette-Levens
17%
1123 6 Valdeblore
17%
16588 6 Villeneuve-Loubet
17%
1056 4 Annot
11%
13903 13 Berre-l'Étang
11%
727 6 Bonson
11%
15257 13 Bouc-Bel-Air
11%
1142 6 Castellar
11%
421 6 Castillon
11%
2090 84 Châteauneuf-du-Pape
11%
17883 13 Châteauneuf-les-Martigues
11%
484 4 Colmars
11%
3534 6 Colomars
11%
7612 6 Contes
11%
831 4 Entrevaux
11%
589 84 Fontaine-de-Vaucluse
11%
2699 83 Gassin
11%
2825 4 Gréoux-les-Bains
11%
706 6 La Brigue
11%
8208 6 La Colle-sur-Loup
11%
7225 6 La Gaude
11%
487 5 La Grave
11%
5509 6 La Roquette-sur-Siagne
11%
10155 6 La Trinité
11%
3961 84 Lauris
11%
24377 83 La Valette-du-Var
11%
2989 6 Le Bar-sur-Loup
11%
11166 83 Le Luc
11%
3123 6 Le Tignet
11%
6730 83 Montauroux
11%
2497 84 Mornas
11%
1321 84 Oppède
11%
6035 4 Oraison
11%
1496 4 Peipin
11%
8400 6 Peymeinade
11%
5681 13 Peypin
11%
335 6 Pierrefeu
11%
16422 13 Port-de-Bouc
11%
8173 83 Puget-sur-Argens
11%
12239 13 Rognac
11%
7476 6 Roquefort-les-Pins
11%
1036 4 Saint-André-les-Alpes
11%
8752 13 Saint-Chamas
11%
12303 83 Saint-Cyr-sur-Mer
11%
2145 13 Saintes-Maries-de-la-Mer
11%
456 5 Saint-Firmin
11%
4431 6 Saint-Jeannet
11%
49 4 Saint-Jeannet
11%
2442 83 Saint-Julien
11%
18006 83 Saint-Maximin-la-Sainte-Baume
11%
123 4 Saumane
11%
3879 6 Sospel
11%
1707 83 Tanneron
11%
15639 13 Tarascon
11%
757 4 Thoard
11%
230 4 Thorame-Basse
11%
251 4 Thorame-Haute
11%
700 6 Touët-sur-Var
11%
10680 13 Trets
11%
9616 84 Valréas
11%
300 5 Villar-d'Arêne
11%
793 84 Villars
11%
1448 4 Aiglun
6%
93 6 Aiglun
6%
393 5 Aiguilles
6%
276 83 Aiguines
6%
558 4 Allemagne-en-Provence
6%
131 4 Allons
6%
930 5 Ancelle
6%
67 4 Angles
6%
14 4 Archail
6%
362 5 Arvieux
6%
813 5 Aspres-sur-Buëch
6%
92 4 Aubenas-les-Alpes
6%
631 4 Aubignosc
6%
12834 13 Auriol
6%
581 13 Aurons
6%
63 4 Authon
6%
106 4 Auzet
6%
1074 4 Banon
6%
3056 83 Barjols
6%
134 4 Barles
6%
150 4 Barras
6%
418 4 Barrême
6%
197 4 Bayons
6%
128 4 Beaujeu
6%
406 4 Beauvezer
6%
5432 84 Bédarrides
6%
1954 13 Belcodène
6%
145 4 Bellaffaire
6%
306 4 Bevons
6%
122 4 Beynes
6%
1681 6 Blausasc
6%
55 4 Blieux
6%
2674 83 Bras
6%
565 4 Bras-d'Asse
6%
127 4 Braux
6%
252 5 Bréziers
6%
295 4 Brunet
6%
1883 84 Cabrières-d'Avignon
6%
10332 13 Cabriès
6%
2223 13 Cadolive
6%
5831 13 Carry-le-Rouet
6%
139 4 Castellet-lès-Sausses
6%
5197 84 Caumont-sur-Durance
6%
305 6 Caussols
6%
7735 83 Cavalaire-sur-Mer
6%
1221 4 Céreste
6%
199 5 Cervières
6%
4912 13 Ceyreste
6%
944 5 Chabottes
6%
5172 4 Château-Arnoux-Saint-Auban
6%
26 4 Châteaufort
6%
33 5 Châteauneuf-d'Oze
6%
75 4 Châteauneuf-Miravail
6%
514 4 Châteauneuf-Val-Saint-Donat
6%
74 4 Châteauredon
6%
539 5 Châteauvieux
6%
78 83 Châteauvieux
6%
322 5 Château-Ville-Vieille
6%
190 4 Chaudon-Norante
6%
4373 84 Cheval-Blanc
6%
181 4 Clamensane
6%
285 4 Claret
6%
224 4 Clumanc
6%
1277 4 Corbières-en-Provence
6%
128 5 Crévoux
6%
633 4 Cruis
6%
12433 83 Cuers
6%
588 4 Curbans
6%
52 4 Curel
6%
852 4 Dauphin
6%
930 5 Dévoluy
6%
113 4 Draix
6%
155 6 Duranus
6%
397 4 Enchastrayes
6%
5836 13 Ensuès-la-Redonne
6%
102 4 Entrages
6%
145 6 Entraunes
6%
393 4 Entrepierres
6%
174 4 Entrevennes
6%
124 5 Éourres
6%
375 83 Esparron
6%
58 5 Esparron
6%
494 4 Estoublon
6%
28 5 Étoile-Saint-Cyrice
6%
812 5 Eygliers
6%
2098 6 Falicon
6%
460 84 Faucon
6%
311 4 Faucon-de-Barcelonnette
6%
61 4 Faucon-du-Caire
6%
484 84 Flassan
6%
316 6 Fontan
6%
137 4 Fontienne
6%
10351 13 Fuveau
6%
92 4 Ganagobie
6%
4272 6 Gattières
6%
74 84 Gignac
6%
9990 13 Gignac-la-Nerthe
6%
61 4 Gigors
6%
1609 6 Gilette
6%
1498 6 Gorbio
6%
1700 84 Gordes
6%
4361 13 Gréasque
6%
577 6 Gréolières
6%
1788 84 Grillon
6%
2374 5 Guillestre
6%
45 4 Hautes-Duyes
6%
1163 4 Jausiers
6%
2649 5 La Bâtie-Neuve
6%
338 5 La Bâtie-Vieille
6%
154 5 La Beaume
6%
6398 13 La Bouilladisse
6%
1132 4 La Brillanne
6%
19481 83 La Crau
6%
3873 83 La Croix-Valmer
6%
3848 13 La Destrousse
6%
123 84 Lafare
6%
8906 13 La Fare-les-Oliviers
6%
1671 84 Lagnes
6%
8 5 La Haute-Beaume
6%
380 4 La Javie
6%
2085 13 Lamanon
6%
90 4 Lambruisse
6%
2944 83 La Motte
6%
573 4 La Motte-du-Caire
6%
214 5 La Motte-en-Champsaur
6%
317 4 La Mure-Argens
6%
3921 84 Lapalud
6%
6574 13 La Penne-sur-Huveaune
6%
3631 5 Laragne-Montéglin
6%
369 5 Lardier-et-Valença
6%
135 4 Lardiers
6%
2324 5 L'Argentière-la-Bessée
6%
291 4 La Robine-sur-Galabre
6%
107 4 La Rochegiron
6%
482 5 La Rochette
6%
74 4 La Rochette
6%
1431 5 La Saulce
6%
996 4 Le Brusquet
6%
76 4 Le Caire
6%
4386 83 Le Cannet-des-Maures
6%
63 4 Le Castellard-Mélan
6%
4633 83 Le Castellet
6%
304 4 Le Castellet
6%
791 4 Le Chaffaut-Saint-Jurson
6%
210 4 Le Fugeret
6%
309 5 Le Noyer
6%
812 5 Le Poët
6%
4219 6 Le Rouret
6%
5240 13 Le Rove
6%
2877 83 Les Adrets-de-l'Estérel
6%
122 5 Le Saix
6%
7471 83 Les Arcs
6%
1414 4 L'Escale
6%
2580 6 L'Escarène
6%
130 4 Les Omergues
6%
543 5 Les Orres
6%
381 4 Les Thuiles
6%
128 4 Le Vernet
6%
90 4 L'Hospitalet
6%
20531 84 L'Isle-sur-la-Sorgue
6%
9589 83 Lorgues
6%
1291 6 Lucéram
6%
387 4 Lurs
6%
4 4 Majastres
6%
2015 4 Malijai
6%
329 4 Mallefougasse-Augès
6%
1022 4 Mallemoisson
6%
6346 13 Mallemort
6%
1380 4 Mane
6%
463 4 Marcoux
6%
109 6 Marie
6%
1961 84 Maubec
6%
122 4 Méailles
6%
124 4 Melve
6%
331 4 Méolans-Revel
6%
5874 13 Meyreuil
6%
642 4 Mézel
6%
4232 13 Mimet
6%
1431 84 Mirabeau
6%
523 4 Mirabeau
6%
3771 84 Mondragon
6%
420 4 Montagnac-Montpezat
6%
418 4 Montclar
6%
175 5 Mont-Dauphin
6%
329 4 Montfort
6%
235 4 Montfuron
6%
466 5 Montgenèvre
6%
60 4 Montjustin
6%
209 4 Montlaux
6%
552 5 Montmaur
6%
558 83 Montmeyan
6%
153 4 Montsalier
6%
1916 84 Mormoiron
6%
254 6 Moulinet
6%
733 4 Moustiers-Sainte-Marie
6%
367 5 Névache
6%
46 4 Nibles
6%
291 4 Niozelles
6%
5893 13 Noves
6%
532 4 Noyers-sur-Jabron
6%
370 4 Ongles
6%
51 4 Oppedette
6%
2786 13 Orgon
6%
104 5 Oze
6%
2386 6 Peille
6%
1477 6 Peillon
6%
10827 13 Pélissanne
6%
841 5 Pelleautier
6%
10578 84 Pernes-les-Fontaines
6%
3641 13 Peynier
6%
259 4 Peyroules
6%
2847 4 Peyruis
6%
208 4 Piégut
6%
6188 83 Pierrefeu-du-Var
6%
536 4 Pierrerue
6%
4070 4 Pierrevert
6%
11612 13 Plan-de-Cuques
6%
97 4 Pontis
6%
307 5 Prunières
6%
4456 83 Puget-Ville
6%
271 4 Puimichel
6%
691 4 Puimoisson
6%
470 5 Puy-Saint-André
6%
187 5 Puy-Saint-Eusèbe
6%
535 5 Puy-Saint-Pierre
6%
292 5 Puy-Saint-Vincent
6%
276 5 Puy-Sanières
6%
414 4 Quinson
6%
84 4 Redortiers
6%
1732 4 Reillanne
6%
265 4 Revest-des-Brousses
6%
519 4 Revest-du-Bion
6%
230 6 Revest-les-Roches
6%
89 4 Revest-Saint-Martin
6%
1700 4 Riez
6%
676 5 Risoul
6%
4773 84 Robion
6%
1872 6 Roquebillière
6%
6004 13 Roquefort-la-Bédoule
6%
578 6 Roquestéron
6%
477 5 Rosans
6%
121 6 Roubion
6%
122 4 Rougon
6%
1321 84 Roussillon
6%
947 84 Saignon
6%
719 5 Saint-André-d'Embrun
6%
157 5 Saint-André-de-Rosans
6%
201 5 Saint-Apollinaire
6%
217 6 Saint-Auban
6%
81 5 Saint-Auban-d'Oze
6%
153 4 Saint-Benoît
6%
1360 6 Saint-Blaise
6%
5761 13 Saint-Cannat
6%
4028 6 Saint-Cézaire-sur-Siagne
6%
1569 5 Saint-Chaffrey
6%
2097 84 Saint-Didier
6%
1359 6 Sainte-Agnès
6%
92 4 Sainte-Croix-à-Lauze
6%
121 4 Sainte-Croix-du-Verdon
6%
1352 4 Saint-Étienne-les-Orgues
6%
3559 4 Sainte-Tulle
6%
108 4 Saint-Geniez
6%
85 4 Saint-Jacques
6%
217 4 Saint-Julien-d'Asse
6%
156 4 Saint-Julien-du-Verdon
6%
138 5 Saint-Julien-en-Beauchêne
6%
139 4 Saint-Jurs
6%
97 4 Saint-Laurent-du-Verdon
6%
41 4 Saint-Lions
6%
879 4 Saint-Maime
6%
6170 83 Saint-Mandrier-sur-Mer
6%
648 4 Saint-Martin-de-Brômes
6%
13661 13 Saint-Martin-de-Crau
6%
1164 5 Saint-Martin-de-Queyrières
6%
3162 6 Saint-Martin-du-Var
6%
127 4 Saint-Martin-les-Eaux
6%
14 4 Saint-Martin-lès-Seyne
6%
367 5 Saint-Michel-de-Chaillol
6%
1254 4 Saint-Michel-l'Observatoire
6%
197 84 Saint-Pantaléon
6%
904 13 Saint-Paul-lès-Durance
6%
184 4 Saint-Paul-sur-Ubaye
6%
613 4 Saint-Pons
6%
9888 13 Saint-Rémy-de-Provence
6%
2985 84 Saint-Saturnin-lès-Apt
6%
5109 84 Saint-Saturnin-lès-Avignon
6%
3540 13 Saint-Savournin
6%
3775 6 Saint-Vallier-de-Thiey
6%
176 5 Saint-Véran
6%
174 4 Saint-Vincent-sur-Jabron
6%
6058 83 Saint-Zacharie
6%
682 4 Salignac
6%
453 6 Saorge
6%
1378 84 Sault
6%
941 84 Saumane-de-Vaucluse
6%
132 4 Sausses
6%
7688 13 Sausset-les-Pins
6%
1135 5 Savines-le-Lac
6%
6966 13 Sénas
6%
1319 5 Serres
6%
1400 4 Seyne
6%
623 4 Simiane-la-Rotonde
6%
92 4 Soleilhas
6%
2349 5 Tallard
6%
131 4 Tartonne
6%
1444 83 Tavernes
6%
236 4 Thèze
6%
349 6 Toudon
6%
140 6 Tourette-du-Château
6%
2928 83 Tourrettes
6%
5176 83 Tourves
6%
800 4 Ubaye-Serre-Ponçon
6%
101 4 Ubraye
6%
470 5 Upaix
6%
574 4 Uvernet-Fours
6%
296 4 Vachères
6%
6019 84 Vaison-la-Romaine
6%
37 4 Valavoire
6%
243 4 Valbelle
6%
88 4 Val-de-Chalvagne
6%
635 5 Val-des-Prés
6%
118 4 Val d'Oronaye
6%
250 4 Valernes
6%
1168 5 Vallouise-Pelvoux
6%
280 5 Valserres
6%
565 5 Vars
6%
275 4 Vaumeilh
6%
1045 13 Vauvenargues
6%
11780 84 Vedène
6%
3101 84 Velleron
6%
8597 13 Venelles
6%
638 5 Ventavon
6%
228 4 Venterol
6%
63 4 Verdaches
6%
107 4 Vergons
6%
3378 5 Veynes
6%
651 84 Viens
6%
1500 5 Villar-Saint-Pancrace
6%
255 4 Villars-Colmars
6%
784 6 Villars-sur-Var
6%
199 4 Villemus
6%
1671 4 Volonne
6%
3283 4 Volx
6%
389 5 Abriès-Ristolas
0%
2762 13 Alleins
0%
2869 84 Althen-des-Paluds
0%
52 6 Amirat
0%
926 83 Ampus
0%
649 6 Andon
0%
1082 84 Ansouis
0%
291 83 Artignosc-sur-Verdon
0%
291 83 Artigues
0%
177 6 Ascros
0%
100 5 Aspres-lès-Corps
0%
730 5 Aubessagne
0%
5920 84 Aubignan
0%
2342 83 Aups
0%
1575 13 Aureille
0%
192 84 Aurel
0%
75 84 Auribeau
0%
3243 6 Auribeau-sur-Siagne
0%
38 6 Auvare
0%
428 5 Avançon
0%
2948 83 Bagnols-en-Forêt
0%
117 6 Bairols
0%
641 5 Baratier
0%
4367 13 Barbentane
0%
128 5 Barcillonnette
0%
229 83 Bargème
0%
1383 83 Bargemon
0%
185 5 Barret-sur-Méouge
0%
250 83 Baudinard-sur-Verdon
0%
323 83 Bauduen
0%
2426 84 Beaumes-de-Venise
0%
297 84 Beaumettes
0%
1146 84 Beaumont-de-Pertuis
0%
309 84 Beaumont-du-Ventoux
0%
657 13 Beaurecueil
0%
3157 84 Bédoin
0%
2456 83 Belgentier
0%
678 6 Belvédère
0%
946 6 Bendejun
0%
1259 6 Berre-les-Alpes
0%
3122 83 Besse-sur-Issole
0%
556 6 Beuil
0%
260 6 Bézaudun-les-Alpes
0%
545 84 Blauvac
0%
14043 84 Bollène
0%
1215 84 Bonnieux
0%
1534 13 Boulbon
0%
554 6 Bouyon
0%
89 84 Brantes
0%
23 83 Brenon
0%
206 6 Briançonnet
0%
1463 83 Brue-Auriac
0%
216 5 Buissard
0%
278 84 Buisson
0%
99 84 Buoux
0%
4530 13 Cabannes
0%
1970 83 Cabasse
0%
973 84 Cabrières-d'Aigues
0%
1413 6 Cabris
0%
4297 84 Cadenet
0%
2688 84 Caderousse
0%
412 6 Caille
0%
1110 84 Cairanne
0%
1998 83 Callas
0%
3567 83 Callian
0%
4636 84 Camaret-sur-Aigues
0%
1940 83 Camps-la-Source
0%
1303 6 Cantaron
0%
3470 83 Carcès
0%
3623 83 Carnoules
0%
6706 13 Carnoux-en-Provence
0%
3505 84 Caromb
0%
9627 83 Carqueiranne
0%
511 84 Caseneuve
0%
1690 6 Castagniers
0%
115 84 Castellet-en-Luberon
0%
285 5 Ceillac
0%
173 5 Chabestan
0%
189 5 Champcella
0%
139 5 Champoléon
0%
877 4 Champtercier
0%
41 5 Chanousse
0%
2691 13 Charleval
0%
494 83 Châteaudouble
0%
3452 84 Châteauneuf-de-Gadagne
0%
63 6 Châteauneuf-d'Entraunes
0%
3750 6 Châteauneuf-Grasse
0%
2433 13 Châteauneuf-le-Rouge
0%
965 6 Châteauneuf-Villevieille
0%
1235 5 Châteauroux-les-Alpes
0%
152 83 Châteauvert
0%
3156 5 Chorges
0%
409 6 Cipières
0%
682 6 Clans
0%
730 83 Claviers
0%
825 6 Coaraze
0%
1943 83 Collobrières
0%
73 6 Collongues
0%
341 83 Comps-sur-Artuby
0%
96 6 Conségudes
0%
1518 13 Cornillon-Confoux
0%
915 83 Correns
0%
2145 83 Cotignac
0%
3719 13 Coudoux
0%
110 6 Courmes
0%
535 6 Coursegoules
0%
6127 84 Courthézon
0%
441 84 Crestet
0%
492 84 Crillon-le-Brave
0%
1156 5 Crots
0%
1810 84 Cucuron
0%
165 6 Cuébris
0%
5434 13 Cuges-les-Pins
0%
142 6 Daluis
0%
132 4 Demandolx
0%
8222 13 Éguilles
0%
8729 84 Entraigues-sur-la-Sorgue
0%
1145 83 Entrecasteaux
0%
1171 84 Entrechaux
0%
627 6 Escragnolles
0%
393 4 Esparron-de-Verdon
0%
832 5 Espinasses
0%
2457 83 Évenos
0%
1760 13 Eygalières
0%
7014 13 Eyguières
0%
4550 13 Eyragues
0%
5857 83 Fayence
0%
2678 83 Figanières
0%
3650 83 Flassans-sur-Issole
0%
4298 83 Flayosc
0%
3599 13 Fontvieille
0%
3222 83 Forcalqueiret
0%
341 5 Forest-Saint-Julien
0%
267 5 Fouillouse
0%
478 83 Fox-Amphoux
0%
208 5 Freissinières
0%
189 5 Furmeyer
0%
536 5 Garde-Colombe
0%
5406 83 Garéoult
0%
3115 84 Gargas
0%
74 6 Gars
0%
443 84 Gigondas
0%
1960 83 Ginasservis
0%
4410 83 Gonfaron
0%
1118 84 Goult
0%
380 6 Gourdon
0%
1253 84 Grambois
0%
5286 13 Grans
0%
4929 13 Graveson
0%
592 6 Guillaumes
0%
148 6 Ilonse
0%
478 5 Jarjayes
0%
1608 84 Jonquerettes
0%
5452 84 Jonquières
0%
355 84 Joucas
0%
4537 13 Jouques
0%
879 13 La Barben
0%
206 83 La Bastide
0%
1748 84 La Bastide-des-Jourdans
0%
907 84 La Bastidonne
0%
259 5 La Bâtie-Montsaléon
0%
602 6 La Bollène-Vésubie
0%
5647 83 La Cadière-d'Azur
0%
1604 83 La Celle
0%
108 5 La Chapelle-en-Valgaudémar
0%
154 4 La Condamine-Châtelard
0%
432 84 Lacoste
0%
100 6 La Croix-sur-Roudoule
0%
458 5 La Fare-en-Champsaur
0%
9725 83 La Farlède
0%
322 5 La Faurie
0%
953 5 La Freissinouse
0%
31 84 Lagarde-d'Apt
0%
1871 83 La Garde-Freinet
0%
337 84 Lagarde-Paréol
0%
11643 83 La Londe-les-Maures
0%
211 83 La Martre
0%
10273 13 Lambesc
0%
1498 83 La Môle
0%
1419 84 La Motte-d'Aigues
0%
395 84 Lamotte-du-Rhône
0%
9175 13 Lançon-Provence
0%
1215 6 Lantosque
0%
352 4 La Palud-sur-Verdon
0%
93 5 La Piarre
0%
857 5 La Roche-de-Rame
0%
1621 5 La Roche-des-Arnauds
0%
54 84 La Roque-Alric
0%
2224 83 La Roquebrussanne
0%
5534 13 La Roque-d'Anthéron
0%
65 6 La Roque-en-Provence
0%
250 83 La Roque-Esclapon
0%
430 84 La Roque-sur-Pernes
0%
959 6 La Roquette-sur-Var
0%
953 5 La Salle-les-Alpes
0%
4466 84 La Tour-d'Aigues
0%
1650 83 La Verdière
0%
248 5 Laye
0%
355 5 Lazer
0%
688 84 Le Barroux
0%
364 84 Le Beaucet
0%
9983 83 Le Beausset
0%
142 5 Le Bersac
0%
43 83 Le Bourguet
0%
1424 6 Le Broc
0%
169 5 Le Glaizil
0%
181 4 Le Lauzet-Ubaye
0%
102 6 Le Mas
0%
1085 5 Le Monêtier-les-Bains
0%
209 5 L'Épine
0%
3100 83 Le Plan-de-la-Tour
0%
10656 83 Le Pradet
0%
5980 13 Le Puy-Sainte-Réparade
0%
4071 83 Le Revest-les-Eaux
0%
150 5 Le Sauze-du-Lac
0%
319 13 Les Baux-de-Provence
0%
94 6 Les Ferres
0%
632 83 Les Mayons
0%
3813 4 Les Mées
0%
41 6 Les Mujouls
0%
232 83 Les Salles-sur-Verdon
0%
546 5 Les Vigneaux
0%
2415 13 Le Tholonet
0%
2647 83 Le Thoronet
0%
201 5 Lettret
0%
48 6 Lieuche
0%
401 4 Limans
0%
293 84 Lioux
0%
2541 84 Loriol-du-Comtat
0%
1063 84 Lourmarin
0%
2738 13 Maillane
0%
2794 84 Malaucène
0%
333 6 Malaussène
0%
1943 84 Malemort-du-Comtat
0%
465 5 Manteyer
0%
526 13 Mas-Blanc-des-Alpilles
0%
105 6 Massoins
0%
2445 13 Maussane-les-Alpilles
0%
6395 84 Mazan
0%
885 83 Mazaugues
0%
1014 84 Ménerbes
0%
2246 83 Méounes-lès-Montrieux
0%
92 5 Méreuil
0%
2270 84 Mérindol
0%
454 84 Méthamis
0%
3906 13 Meyrargues
0%
1148 4 Mison
0%
474 84 Modène
0%
302 83 Moissac-Bellevue
0%
302 5 Molines-en-Queyras
0%
2691 13 Mollégès
0%
294 5 Monêtier-Allemont
0%
286 84 Monieux
0%
817 83 Mons
0%
64 5 Montbrand
0%
54 5 Montclus
0%
1600 83 Montferrat
0%
1483 83 Montfort-sur-Argens
0%
472 5 Montgardin
0%
106 5 Montjay
0%
88 5 Montrond
0%
8978 84 Morières-lès-Avignon
0%
239 4 Moriez
0%
3447 13 Mouriès
0%
44 5 Moydans
0%
424 84 Murs
0%
796 5 Neffes
0%
2956 83 Néoules
0%
15 5 Nossage-et-Bénévent
0%
671 83 Ollières
0%
14260 83 Ollioules
0%
696 5 Orcières
0%
377 5 Orpierre
0%
2183 13 Paradou
0%
886 6 Péone
0%
687 84 Peypin-d'Aigues
0%
5217 13 Peyrolles-en-Provence
0%
104 6 Pierlas
0%
4705 83 Pignans
0%
5560 84 Piolenc
0%
2262 83 Plan-d'Aups-Sainte-Baume
0%
3611 13 Plan-d'Orgon
0%
352 5 Poligny
0%
746 83 Pontevès
0%
1590 83 Pourcieux
0%
5431 83 Pourrières
0%
178 4 Prads-Haute-Bléone
0%
127 6 Puget-Rostang
0%
1904 13 Puyloubier
0%
594 84 Puyméras
0%
836 84 Puyvert
0%
89 5 Rabou
0%
392 5 Rambaud
0%
815 84 Rasteau
0%
659 83 Rayol-Canadel-sur-Mer
0%
249 5 Réallon
0%
2607 83 Régusse
0%
468 5 Remollon
0%
211 5 Réotier
0%
4384 83 Rians
0%
114 5 Ribeyret
0%
51 83 Riboux
0%
617 84 Richerenches
0%
172 6 Rigaud
0%
113 6 Rimplas
0%
635 84 Roaix
0%
5396 83 Rocbaron
0%
185 5 Rochebrune
0%
4740 13 Rognes
0%
4094 13 Rognonas
0%
8691 13 Roquevaire
0%
1699 83 Rougiers
0%
745 4 Roumoules
0%
119 6 Roure
0%
690 84 Rustrel
0%
1415 84 Sablet
0%
3451 13 Saint-Andiol
0%
89 6 Saint-Antonin
0%
749 83 Saint-Antonin-du-Var
0%
129 13 Saint-Antonin-sur-Bayon
0%
2146 5 Saint-Bonnet-en-Champsaur
0%
1449 84 Saint-Christol
0%
326 5 Saint-Clément-sur-Durance
0%
746 5 Saint-Crépin
0%
107 6 Saint-Dalmas-le-Selvage
0%
2128 83 Sainte-Anastasie-sur-Issole
0%
2686 84 Sainte-Cécile-les-Vignes
0%
57 5 Sainte-Colombe
0%
387 13 Saint-Estève-Janson
0%
2535 13 Saint-Étienne-du-Grès
0%
308 5 Saint-Étienne-le-Laus
0%
178 84 Saint-Hippolyte-le-Graveyron
0%
139 5 Saint-Jacques-en-Valgodemard
0%
1166 5 Saint-Jean-Saint-Nicolas
0%
377 5 Saint-Julien-en-Champsaur
0%
556 5 Saint-Laurent-du-Cros
0%
48 6 Saint-Léger
0%
31 84 Saint-Léger-du-Ventoux
0%
378 5 Saint-Léger-les-Mélèzes
0%
346 84 Saint-Marcellin-lès-Vaison
0%
1297 13 Saint-Marc-Jaumegarde
0%
708 84 Saint-Martin-de-Castillon
0%
839 84 Saint-Martin-de-la-Brasque
0%
160 6 Saint-Martin-d'Entraunes
0%
251 83 Saint-Martin-de-Pallières
0%
124 5 Saint-Maurice-en-Valgodemard
0%
5929 13 Saint-Mitre-les-Remparts
0%
1813 83 Saint-Paul-en-Forêt
0%
31 5 Saint-Pierre-Avez
0%
163 5 Saint-Pierre-d'Argençon
0%
223 13 Saint-Pierre-de-Mézoargues
0%
513 84 Saint-Pierre-de-Vassols
0%
820 84 Saint-Romain-en-Viennois
0%
340 84 Saint-Roman-de-Malegarde
0%
528 5 Saint-Sauveur
0%
389 6 Saint-Sauveur-sur-Tinée
0%
121 84 Saint-Trinit
0%
6660 13 Saint-Victoret
0%
88 5 Saléon
0%
82 5 Salérans
0%
3848 83 Salernes
0%
50 6 Sallagriffon
0%
278 84 Sannes
0%
6114 84 Sarrians
0%
73 6 Sauze
0%
59 84 Savoillan
0%
254 5 Savournon
0%
847 84 Séguret
0%
2707 83 Seillans
0%
2565 83 Seillons-Source-d'Argens
0%
481 4 Selonnet
0%
165 4 Senez
0%
545 6 Séranon
0%
2934 84 Sérignan-du-Comtat
0%
199 6 Sigale
0%
3038 83 Signes
0%
434 4 Sigonce
0%
87 5 Sigottier
0%
749 5 Sigoyer
0%
105 4 Sigoyer
0%
811 83 Sillans-la-Cascade
0%
6042 13 Simiane-Collongue
0%
47 84 Sivergues
0%
12158 83 Solliès-Pont
0%
5975 83 Solliès-Toucas
0%
2569 83 Solliès-Ville
0%
40 5 Sorbiers
0%
181 4 Sourribes
0%
1195 6 Spéracèdes
0%
114 84 Suzette
0%
1957 84 Taillades
0%
1822 83 Taradeau
0%
225 5 Théus
0%
110 6 Thiéry
0%
309 6 Touët-de-l'Escarène
0%
150 6 Tournefort
0%
4164 6 Tourrettes-sur-Loup
0%
601 83 Tourtour
0%
6119 83 Trans-en-Provence
0%
725 84 Travaillan
0%
311 5 Trescléoux
0%
211 83 Trigance
0%
351 4 Turriers
0%
1724 84 Uchaux
0%
864 6 Utelle
0%
1237 84 Vacqueyras
0%
1356 5 Val Buëch-Méouge
0%
481 6 Valderoure
0%
226 5 Valdoule
0%
3224 4 Valensole
0%
1180 83 Varages
0%
572 84 Vaugines
0%
8729 13 Velaux
0%
174 6 Venanson
0%
1054 84 Venasque
0%
5519 13 Ventabren
0%
9 83 Vérignon
0%
2105 13 Vernègues
0%
820 13 Verquières
0%
12849 83 Vidauban
0%
39 5 Villar-Loubière
0%
1511 83 Villecroze
0%
497 84 Villedieu
0%
3377 84 Villelaure
0%
93 6 Villeneuve-d'Entraunes
0%
1305 84 Villes-sur-Auzon
0%
4381 83 Vinon-sur-Verdon
0%
952 83 Vins-sur-Caramy
0%
1756 84 Violès
0%
1962 84 Visan
0%
169 84 Vitrolles-en-Lubéron
0%
Aucun quiz correspondant
Distribution des résultats
% des personnes avec chaque résultat
Percentile par nombre de réponses
Votre historique - résultats
Vous n’avez pas pris ce quiz